Rafael entre el Clasicismo y el Manierismo: cuatro conferencias sobre la pintura de Italia Central en los siglos XVI y XVII
Tallennettuna:
| Päätekijä: | |
|---|---|
| Aineistotyyppi: | Kirja |
| Kieli: | espanja |
| Julkaistu: |
Madrid
Visor
1988
|
| Sarja: | <La >Balsa de la Medusa, 9
|
| Aiheet: | |
| Tagit: |
Lisää tagi
Ei tageja, Lisää ensimmäinen tagi!
|
MARC
| LEADER | 00000nam a2200000 a 4500 | ||
|---|---|---|---|
| 001 | UCZ1881 | ||
| 003 | CL-VaPUC | ||
| 008 | 950914e19880000SP |||||||||||||||||spa|d | ||
| 082 | 0 | 4 | |a 709.03 |b ANT |2 21 |
| 100 | 0 | |a Antal, Frederick |e author |9 345574 | |
| 245 | 1 | 0 | |a Rafael entre el Clasicismo y el Manierismo: cuatro conferencias sobre la pintura de Italia Central en los siglos XVI y XVII |
| 300 | |a 116 p | ||
| 942 | |c BK | ||
| 945 | |d 19950914 00:00:00 |a rbrito | ||
| 260 | |a Madrid |b Visor |c 1988 | ||
| 600 | 0 | 7 | |a RAFAEL |2 CL-VaPUC |9 345575 |
| 650 | 0 | |a Pintura italiana |9 265293 | |
| 650 | 0 | |a Pintores italianos |9 265277 | |
| 650 | 0 | |a Renacimiento |9 255107 | |
| 583 | |a last modification |c 19950914 00:00:00 |k Rodrigo Vera | ||
| 490 | 0 | |a <La >Balsa de la Medusa, 9 | |
| 999 | |c 238560 |d 238558 | ||
| 952 | |0 0 |1 0 |4 0 |6 709_030000000000000_ANT_1988 |7 0 |8 X |9 248813 |a BIBHIS |b BIBHIS |d 2019-11-18 |i 3134350 |o 709.03 ANT 1988 |p 3134350 |r 2024-01-30 |w 2019-11-18 |y BK_X |k HIS | ||